[Event "April 9 Late 2024"]
[Site "Chess.com"]
[Date "2024.04.09"]
[Round "5"]
[White "Haydon, David L"]
[Black "Harish, Neeraj"]
[Result "1-0"]
[Board "127"]
[WhiteFideId "415405"]
[BlackFideId "30958130"]
[WhiteTitle "FM"]
[BlackTitle "CM"]
[WhiteElo "2601"]
[BlackElo "2318"]
[WhiteTeam "ENG"]
[BlackTeam "USA"]
[WhiteClock "0:00:28"]
[BlackClock "0:00:00"]
[Variant "Standard"]

1. Nf3 {[%clk 0:02:19]}  Nf6 {[%clk 0:02:57]} 2. e3 {[%clk 0:02:19]}  d5 {[%clk 0:02:55]} 3. b3 {[%clk 0:02:20]}  Bf5 {[%clk 0:02:51]} 4. Bb2 {[%clk 0:02:20]}  h6 {[%clk 0:02:48]} 5. Be2 {[%clk 0:02:20]}  e6 {[%clk 0:02:48]} 6. O-O {[%clk 0:02:20]}  Be7 {[%clk 0:02:42]} 7. d3 {[%clk 0:02:18]}  Nbd7 {[%clk 0:02:42]} 8. Nbd2 {[%clk 0:02:18]}  O-O {[%clk 0:02:40]} 9. c4 {[%clk 0:02:16]}  c6 {[%clk 0:02:39]} 10. Nd4 {[%clk 0:02:14]}  Bh7 {[%clk 0:02:38]} 11. cxd5 {[%clk 0:02:14]}  cxd5 {[%clk 0:02:20]} 12. N2f3 {[%clk 0:02:09]}  Rc8 {[%clk 0:02:15]} 13. Qd2 {[%clk 0:02:06]}  e5 {[%clk 0:02:03]} 14. Nb5 {[%clk 0:02:02]}  Qb6 {[%clk 0:02:02]} 15. Nc3 {[%clk 0:02:00]}  Bd6 {[%clk 0:01:35]} 16. Rac1 {[%clk 0:01:55]}  Rfe8 {[%clk 0:01:27]} 17. Na4 {[%clk 0:01:51]}  Qd8 {[%clk 0:01:25]} 18. Rfd1 {[%clk 0:01:45]}  Qe7 {[%clk 0:01:23]} 19. Qa5 {[%clk 0:01:38]}  a6 {[%clk 0:01:06]} 20. Nb6 {[%clk 0:01:35]}  Rxc1 {[%clk 0:00:56]} 21. Rxc1 {[%clk 0:01:32]}  Bb4 {[%clk 0:00:56]} 22. Nxd5 {[%clk 0:01:21]}  Bxa5 {[%clk 0:00:42]} 23. Nxe7+ {[%clk 0:01:21]}  Rxe7 {[%clk 0:00:43]} 24. d4 {[%clk 0:01:21]}  e4 {[%clk 0:00:34]} 25. Ne5 {[%clk 0:01:15]}  Bf5 {[%clk 0:00:28]} 26. g4 {[%clk 0:01:03]}  Nxe5 {[%clk 0:00:25]} 27. gxf5 {[%clk 0:00:57]}  Nc6 {[%clk 0:00:17]} 28. Ba3 {[%clk 0:00:52]}  Rd7 {[%clk 0:00:16]} 29. Bc4 {[%clk 0:00:46]}  Bb4 {[%clk 0:00:14]} 30. Bb2 {[%clk 0:00:45]}  Nd5 {[%clk 0:00:13]} 31. a3 {[%clk 0:00:45]}  Bf8 {[%clk 0:00:12]} 32. Bxa6 {[%clk 0:00:43]}  Nde7 {[%clk 0:00:09]} 33. Bb5 {[%clk 0:00:42]}  Rd6 {[%clk 0:00:05]} 34. a4 {[%clk 0:00:37]}  Nxf5 {[%clk 0:00:05]} 35. Kf1 {[%clk 0:00:37]}  Rf6 {[%clk 0:00:03]} 36. Ke2 {[%clk 0:00:36]}  Rg6 {[%clk 0:00:03]} 37. d5 {[%clk 0:00:33]}  Nce7 {[%clk 0:00:02]} 38. Bc4 {[%clk 0:00:29]}  Rd6 {[%clk 0:00:00]} 39. Be5 {[%clk 0:00:28]} 1-0

[Event "April 9 Late 2024"]
[Site "Chess.com"]
[Date "2024.04.09"]
[Round "5"]
[White "Camacho Collados, Jose"]
[Black "Marcziter, Dmitrii"]
[Result "0-1"]
[Board "128"]
[WhiteFideId "2265427"]
[BlackFideId "13900765"]
[WhiteTitle "IM"]
[BlackTitle "FM"]
[WhiteElo "2597"]
[BlackElo "2315"]
[WhiteTeam "WLS"]
[BlackTeam "GER"]
[WhiteClock "0:00:26"]
[BlackClock "0:01:36"]
[Variant "Standard"]

1. e4 {[%clk 0:03:00]}  c5 {[%clk 0:02:56]} 2. Nf3 {[%clk 0:03:00]}  a6 {[%clk 0:02:56]} 3. b3 {[%clk 0:03:00]}  d5 {[%clk 0:02:56]} 4. exd5 {[%clk 0:03:00]}  Qxd5 {[%clk 0:02:56]} 5. Bb2 {[%clk 0:03:01]}  Nf6 {[%clk 0:02:56]} 6. Nc3 {[%clk 0:03:01]}  Qd8 {[%clk 0:02:55]} 7. a4 {[%clk 0:03:01]}  Nc6 {[%clk 0:02:55]} 8. Bc4 {[%clk 0:03:01]}  e6 {[%clk 0:02:54]} 9. O-O {[%clk 0:03:00]}  Be7 {[%clk 0:02:54]} 10. d3 {[%clk 0:02:59]}  O-O {[%clk 0:02:54]} 11. Ne4 {[%clk 0:02:59]}  Rb8 {[%clk 0:02:46]} 12. Ne5 {[%clk 0:02:56]}  Nd4 {[%clk 0:02:31]} 13. a5 {[%clk 0:02:51]}  Qc7 {[%clk 0:02:22]} 14. f4 {[%clk 0:02:49]}  Nd5 {[%clk 0:02:18]} 15. Qh5 {[%clk 0:02:38]}  f6 {[%clk 0:02:10]} 16. Bxd5 {[%clk 0:01:39]}  exd5 {[%clk 0:02:07]} 17. Ng6 {[%clk 0:01:28]}  hxg6 {[%clk 0:02:03]} 18. Qxd5+ {[%clk 0:01:27]}  Be6 {[%clk 0:01:59]} 19. Nxf6+ {[%clk 0:01:09]}  Bxf6 {[%clk 0:01:52]} 20. Qe4 {[%clk 0:01:09]}  Rbe8 {[%clk 0:01:39]} 21. Rae1 {[%clk 0:00:26]}  Bf7 {[%clk 0:01:36]} 0-1

[Event "April 9 Late 2024"]
[Site "Chess.com"]
[Date "2024.04.10"]
[Round "5"]
[White "Tang, Benjamin"]
[Black "Gokhale Rishabh Chandrashekhar"]
[Result "0-1"]
[Board "129"]
[WhiteFideId "30964342"]
[BlackFideId "35007416"]
[WhiteTitle "FM"]
[WhiteElo "2312"]
[BlackElo "2575"]
[WhiteTeam "USA"]
[BlackTeam "IND"]
[WhiteClock "0:00:37"]
[BlackClock "0:01:17"]
[Variant "Standard"]

1. e4 {[%clk 0:03:00]}  d6 {[%clk 0:02:51]} 2. d4 {[%clk 0:03:00]}  Nf6 {[%clk 0:02:51]} 3. Nc3 {[%clk 0:03:00]}  g6 {[%clk 0:02:51]} 4. Be3 {[%clk 0:02:58]}  Nbd7 {[%clk 0:02:52]} 5. f4 {[%clk 0:02:56]}  Bg7 {[%clk 0:02:52]} 6. e5 {[%clk 0:02:53]}  Ng8 {[%clk 0:02:49]} 7. Nf3 {[%clk 0:02:52]}  Nh6 {[%clk 0:02:47]} 8. Bd3 {[%clk 0:02:49]}  c5 {[%clk 0:02:44]} 9. Qe2 {[%clk 0:02:38]}  O-O {[%clk 0:02:36]} 10. O-O-O {[%clk 0:02:36]}  cxd4 {[%clk 0:02:30]} 11. Bxd4 {[%clk 0:02:36]}  dxe5 {[%clk 0:02:29]} 12. Nxe5 {[%clk 0:02:36]}  Nxe5 {[%clk 0:02:27]} 13. Bxe5 {[%clk 0:02:35]}  Bg4 {[%clk 0:02:27]} 14. Qe3 {[%clk 0:02:28]}  Bxd1 {[%clk 0:02:22]} 15. Bxg7 {[%clk 0:02:28]}  Kxg7 {[%clk 0:02:20]} 16. Rxd1 {[%clk 0:02:28]}  Qb6 {[%clk 0:02:19]} 17. Qe5+ {[%clk 0:02:25]}  Qf6 {[%clk 0:02:18]} 18. Qe2 {[%clk 0:02:22]}  Rad8 {[%clk 0:02:13]} 19. g4 {[%clk 0:02:21]}  Qxf4+ {[%clk 0:02:12]} 20. Kb1 {[%clk 0:02:20]}  Nxg4 {[%clk 0:02:11]} 21. Rf1 {[%clk 0:02:16]}  Qe3 {[%clk 0:02:08]} 22. Qxg4 {[%clk 0:02:15]}  Rxd3 {[%clk 0:02:08]} 23. Nd1 {[%clk 0:01:46]}  Qh3 {[%clk 0:02:04]} 24. Qe2 {[%clk 0:01:43]}  Rd7 {[%clk 0:01:58]} 25. Nc3 {[%clk 0:01:42]}  Rfd8 {[%clk 0:01:57]} 26. a3 {[%clk 0:01:41]}  f6 {[%clk 0:01:53]} 27. Rf3 {[%clk 0:01:35]}  Qg4 {[%clk 0:01:50]} 28. Qe3 {[%clk 0:01:26]}  e5 {[%clk 0:01:45]} 29. Ne4 {[%clk 0:01:22]}  f5 {[%clk 0:01:32]} 30. Nc5 {[%clk 0:01:19]}  Rd1+ {[%clk 0:01:31]} 31. Ka2 {[%clk 0:01:17]}  Qc4+ {[%clk 0:01:32]} 32. Nb3 {[%clk 0:01:09]}  e4 {[%clk 0:01:29]} 33. Rh3 {[%clk 0:01:06]}  Qxc2 {[%clk 0:01:24]} 34. Qh6+ {[%clk 0:01:00]}  Kf6 {[%clk 0:01:25]} 35. Qh4+ {[%clk 0:00:59]}  Ke6 {[%clk 0:01:25]} 36. a4 {[%clk 0:00:53]}  R8d3 {[%clk 0:01:16]} 37. Rxd3 {[%clk 0:00:37]}  Rxd3 {[%clk 0:01:17]} 0-1

[Event "April 9 Late 2024"]
[Site "Chess.com"]
[Date "2024.04.09"]
[Round "5"]
[White "Silva, Miguel Antonio Neto"]
[Black "Bence Papp"]
[Result "1-0"]
[Board "130"]
[WhiteFideId "1911929"]
[BlackFideId "788384"]
[BlackTitle "FM"]
[WhiteElo "2570"]
[BlackElo "2299"]
[WhiteTeam "POR"]
[BlackTeam "HUN"]
[WhiteClock "0:00:16"]
[BlackClock "0:00:04"]
[Variant "Standard"]

1. Nf3 {[%clk 0:02:53]}  Nf6 {[%clk 0:02:59]} 2. d4 {[%clk 0:02:51]}  d5 {[%clk 0:02:59]} 3. c4 {[%clk 0:02:49]}  e6 {[%clk 0:02:58]} 4. g3 {[%clk 0:02:47]}  Be7 {[%clk 0:02:58]} 5. Bg2 {[%clk 0:02:47]}  O-O {[%clk 0:02:58]} 6. O-O {[%clk 0:02:48]}  dxc4 {[%clk 0:02:59]} 7. Qc2 {[%clk 0:02:48]}  a6 {[%clk 0:02:59]} 8. Qxc4 {[%clk 0:02:48]}  b5 {[%clk 0:02:59]} 9. Qc2 {[%clk 0:02:48]}  Bb7 {[%clk 0:02:59]} 10. Bd2 {[%clk 0:02:49]}  Nc6 {[%clk 0:02:55]} 11. e3 {[%clk 0:02:47]}  Nb4 {[%clk 0:02:28]} 12. Bxb4 {[%clk 0:02:45]}  Bxb4 {[%clk 0:02:29]} 13. a3 {[%clk 0:02:45]}  Bd6 {[%clk 0:02:24]} 14. Nbd2 {[%clk 0:02:44]}  Qe7 {[%clk 0:02:16]} 15. Rfc1 {[%clk 0:02:42]}  Rac8 {[%clk 0:01:54]} 16. Nb3 {[%clk 0:02:40]}  Be4 {[%clk 0:01:50]} 17. Qd1 {[%clk 0:02:39]}  c5 {[%clk 0:01:46]} 18. dxc5 {[%clk 0:02:36]}  Bxc5 {[%clk 0:01:46]} 19. Nxc5 {[%clk 0:02:36]}  Rxc5 {[%clk 0:01:46]} 20. Rxc5 {[%clk 0:02:36]}  Qxc5 {[%clk 0:01:40]} 21. Rc1 {[%clk 0:02:37]}  Qh5 {[%clk 0:01:40]} 22. h3 {[%clk 0:02:25]}  Nd5 {[%clk 0:01:17]} 23. g4 {[%clk 0:02:15]}  Qh6 {[%clk 0:01:12]} 24. Nd4 {[%clk 0:02:04]}  Nxe3 {[%clk 0:00:55]} 25. fxe3 {[%clk 0:01:55]}  Qxe3+ {[%clk 0:00:55]} 26. Kh2 {[%clk 0:01:49]}  Bxg2 {[%clk 0:00:40]} 27. Kxg2 {[%clk 0:01:48]}  f5 {[%clk 0:00:26]} 28. Rc3 {[%clk 0:01:39]}  Qe4+ {[%clk 0:00:24]} 29. Nf3 {[%clk 0:01:33]}  fxg4 {[%clk 0:00:22]} 30. hxg4 {[%clk 0:01:34]}  Qxg4+ {[%clk 0:00:22]} 31. Kf2 {[%clk 0:01:34]}  Qh4+ {[%clk 0:00:15]} 32. Ke2 {[%clk 0:01:32]}  Qe4+ {[%clk 0:00:13]} 33. Re3 {[%clk 0:01:23]}  Qg4 {[%clk 0:00:13]} 34. Qg1 {[%clk 0:00:56]}  Qc4+ {[%clk 0:00:12]} 35. Kf2 {[%clk 0:00:56]}  Qc2+ {[%clk 0:00:12]} 36. Re2 {[%clk 0:00:55]}  Qf5 {[%clk 0:00:11]} 37. Qg3 {[%clk 0:00:52]}  Qc5+ {[%clk 0:00:07]} 38. Kg2 {[%clk 0:00:51]}  Qf5 {[%clk 0:00:06]} 39. Rf2 {[%clk 0:00:43]}  Qd5 {[%clk 0:00:06]} 40. Qg4 {[%clk 0:00:42]}  e5 {[%clk 0:00:05]} 41. Re2 {[%clk 0:00:40]}  Rf4 {[%clk 0:00:04]} 42. Qc8+ {[%clk 0:00:36]}  Rf8 {[%clk 0:00:04]} 43. Qg4 {[%clk 0:00:27]}  Rf4 {[%clk 0:00:04]} 44. Qg3 {[%clk 0:00:25]}  Qd7 {[%clk 0:00:03]} 45. Nxe5 {[%clk 0:00:21]}  Qb7+ {[%clk 0:00:03]} 46. Nf3 {[%clk 0:00:21]}  Rf8 {[%clk 0:00:02]} 47. Rc2 {[%clk 0:00:19]}  Qf7 {[%clk 0:00:02]} 48. Rc7 {[%clk 0:00:19]}  Qf6 {[%clk 0:00:02]} 49. Rd7 {[%clk 0:00:18]}  Qxb2+ {[%clk 0:00:02]} 50. Rd2 {[%clk 0:00:17]}  Qf6 {[%clk 0:00:02]} 51. Rf2 {[%clk 0:00:16]}  Qc6 {[%clk 0:00:02]} 52. Qg4 {[%clk 0:00:17]}  Qf6 {[%clk 0:00:02]} 53. Qg3 {[%clk 0:00:16]}  h6 {[%clk 0:00:03]} 54. Kg1 {[%clk 0:00:16]}  Qc6 {[%clk 0:00:03]} 55. Nh4 {[%clk 0:00:16]}  Qc5 {[%clk 0:00:03]} 56. Ng6 {[%clk 0:00:15]}  Rxf2 {[%clk 0:00:04]} 57. Qxf2 {[%clk 0:00:16]}  Qg5+ {[%clk 0:00:04]} 58. Qg2 {[%clk 0:00:16]}  Qc1+ {[%clk 0:00:05]} 59. Kh2 {[%clk 0:00:17]}  Qc5 {[%clk 0:00:06]} 60. Qg3 {[%clk 0:00:14]}  Qh5+ {[%clk 0:00:07]} 61. Kg2 {[%clk 0:00:13]}  Qe2+ {[%clk 0:00:07]} 62. Kh3 {[%clk 0:00:13]}  Qh5+ {[%clk 0:00:08]} 63. Kg2 {[%clk 0:00:14]}  Qe2+ {[%clk 0:00:08]} 64. Kg1 {[%clk 0:00:14]}  Qd1+ {[%clk 0:00:09]} 65. Kf2 {[%clk 0:00:15]}  Qd5 {[%clk 0:00:09]} 66. Ne7+ {[%clk 0:00:14]}  Kf8 {[%clk 0:00:09]} 67. Nxd5 {[%clk 0:00:15]}  Kg8 {[%clk 0:00:08]} 68. Nc7 {[%clk 0:00:16]}  Kh7 {[%clk 0:00:04]} 69. Nxa6 {[%clk 0:00:16]} 1-0

[Event "April 9 Late 2024"]
[Site "Chess.com"]
[Date "2024.04.09"]
[Round "5"]
[White "D`Arruda, Ricardo D."]
[Black "Montano Vicente, Guadalupe"]
[Result "1-0"]
[Board "132"]
[WhiteFideId "100692"]
[BlackFideId "5181399"]
[WhiteTitle "FM"]
[WhiteElo "2516"]
[BlackElo "2288"]
[WhiteTeam "ARG"]
[BlackTeam "MEX"]
[WhiteClock "0:01:07"]
[BlackClock "0:00:36"]
[Variant "Standard"]

1. d4 {[%clk 0:02:53]}  Nf6 {[%clk 0:02:59]} 2. Nf3 {[%clk 0:02:53]}  g6 {[%clk 0:02:57]} 3. Nc3 {[%clk 0:02:53]}  d5 {[%clk 0:02:56]} 4. Bg5 {[%clk 0:02:53]}  Ne4 {[%clk 0:02:49]} 5. Bf4 {[%clk 0:02:53]}  c6 {[%clk 0:02:47]} 6. e3 {[%clk 0:02:48]}  Bg7 {[%clk 0:02:46]} 7. Nxe4 {[%clk 0:02:45]}  dxe4 {[%clk 0:02:45]} 8. Nd2 {[%clk 0:02:45]}  c5 {[%clk 0:02:41]} 9. c3 {[%clk 0:02:43]}  cxd4 {[%clk 0:02:38]} 10. exd4 {[%clk 0:02:42]}  Bf5 {[%clk 0:02:37]} 11. g4 {[%clk 0:02:37]}  Bd7 {[%clk 0:02:37]} 12. Nxe4 {[%clk 0:02:37]}  O-O {[%clk 0:02:34]} 13. Bg2 {[%clk 0:02:34]}  Qb6 {[%clk 0:02:19]} 14. Qb3 {[%clk 0:02:31]}  Bxg4 {[%clk 0:02:13]} 15. Nc5 {[%clk 0:02:27]}  Qf6 {[%clk 0:01:57]} 16. Be5 {[%clk 0:02:20]}  Qg5 {[%clk 0:01:53]} 17. Bxg7 {[%clk 0:02:17]}  Kxg7 {[%clk 0:01:49]} 18. Qxb7 {[%clk 0:02:16]}  Nd7 {[%clk 0:01:33]} 19. Nxd7 {[%clk 0:02:15]}  Rfe8 {[%clk 0:01:25]} 20. Ne5 {[%clk 0:02:06]}  Rab8 {[%clk 0:01:22]} 21. Qe4 {[%clk 0:02:03]}  Bf5 {[%clk 0:01:19]} 22. Qf3 {[%clk 0:01:57]}  Rxb2 {[%clk 0:01:18]} 23. O-O {[%clk 0:01:56]}  h5 {[%clk 0:01:14]} 24. Qg3 {[%clk 0:01:47]}  Qd2 {[%clk 0:01:12]} 25. Qe3 {[%clk 0:01:43]}  Qc2 {[%clk 0:01:07]} 26. a4 {[%clk 0:01:29]}  h4 {[%clk 0:00:58]} 27. h3 {[%clk 0:01:28]}  Rh8 {[%clk 0:00:57]} 28. Rfc1 {[%clk 0:01:23]}  Qb3 {[%clk 0:00:55]} 29. c4 {[%clk 0:01:23]}  Qb6 {[%clk 0:00:53]} 30. d5 {[%clk 0:01:18]}  Qf6 {[%clk 0:00:50]} 31. Qd4 {[%clk 0:01:10]}  Re2 {[%clk 0:00:45]} 32. Nc6 {[%clk 0:01:08]}  Qxd4 {[%clk 0:00:40]} 33. Nxd4 {[%clk 0:01:09]}  Rd2 {[%clk 0:00:40]} 34. Nxf5+ {[%clk 0:01:08]}  gxf5 {[%clk 0:00:36]} 35. c5 {[%clk 0:01:07]} 1-0

[Event "April 9 Late 2024"]
[Site "Chess.com"]
[Date "2024.04.09"]
[Round "5"]
[White "Escalante Ramirez, Rafael"]
[Black "Davidson, Kevin"]
[Result "0-1"]
[Board "136"]
[WhiteFideId "3900177"]
[BlackFideId "2056810"]
[WhiteTitle "CM"]
[WhiteElo "2250"]
[BlackElo "2479"]
[WhiteTeam "VEN"]
[BlackTeam "USA"]
[WhiteClock "0:00:00"]
[BlackClock "0:00:01"]
[Variant "Standard"]

1. Nf3 {[%clk 0:02:57]}  Nf6 {[%clk 0:02:58]} 2. d4 {[%clk 0:02:57]}  g6 {[%clk 0:02:57]} 3. c4 {[%clk 0:02:56]}  Bg7 {[%clk 0:02:57]} 4. g3 {[%clk 0:02:57]}  d6 {[%clk 0:02:57]} 5. Bg2 {[%clk 0:02:58]}  O-O {[%clk 0:02:56]} 6. O-O {[%clk 0:02:58]}  Nbd7 {[%clk 0:02:55]} 7. Nc3 {[%clk 0:02:58]}  e5 {[%clk 0:02:54]} 8. e4 {[%clk 0:02:58]}  c6 {[%clk 0:02:54]} 9. h3 {[%clk 0:02:57]}  Qb6 {[%clk 0:02:53]} 10. d5 {[%clk 0:02:50]}  Nc5 {[%clk 0:02:47]} 11. Qe2 {[%clk 0:02:44]}  cxd5 {[%clk 0:02:42]} 12. cxd5 {[%clk 0:02:43]}  Bd7 {[%clk 0:02:40]} 13. Be3 {[%clk 0:02:34]}  a5 {[%clk 0:02:28]} 14. Rab1 {[%clk 0:02:11]}  Rfc8 {[%clk 0:02:17]} 15. Rfc1 {[%clk 0:02:10]}  a4 {[%clk 0:02:00]} 16. Nd2 {[%clk 0:02:08]}  Ne8 {[%clk 0:01:16]} 17. Bf1 {[%clk 0:02:05]}  Qa5 {[%clk 0:01:07]} 18. b4 {[%clk 0:01:16]}  axb3 {[%clk 0:01:07]} 19. axb3 {[%clk 0:01:16]}  Qb4 {[%clk 0:01:04]} 20. Rc2 {[%clk 0:00:33]}  Bf6 {[%clk 0:00:46]} 21. Na2 {[%clk 0:00:22]}  Qa3 {[%clk 0:00:45]} 22. Nc4 {[%clk 0:00:10]}  Qa6 {[%clk 0:00:37]} 23. Nb4 {[%clk 0:00:09]}  Qb5 {[%clk 0:00:32]} 24. Nd3 {[%clk 0:00:07]}  Nxd3 {[%clk 0:00:10]} 25. Qxd3 {[%clk 0:00:08]}  Bd8 {[%clk 0:00:09]} 26. Rbc1 {[%clk 0:00:06]}  Kg7 {[%clk 0:00:05]} 27. Qd2 {[%clk 0:00:05]}  Kg8 {[%clk 0:00:04]} 28. Rb1 {[%clk 0:00:04]}  Qa6 {[%clk 0:00:02]} 29. Nxe5 {[%clk 0:00:03]}  Qa3 {[%clk 0:00:01]} 30. Nxd7 {[%clk 0:00:02]}  Qa1 {[%clk 0:00:01]} 31. Rxa1 {[%clk 0:00:02]}  Rxa1 {[%clk 0:00:02]} 32. Kg2 {[%clk 0:00:00]}  Rca8 {[%clk 0:00:01]} 0-1

[Event "April 9 Late 2024"]
[Site "Chess.com"]
[Date "2024.04.09"]
[Round "5"]
[White "Yevchenko, Oleksandr"]
[Black "Goncalves, Samuel Jesus P"]
[Result "0-1"]
[Board "137"]
[WhiteFideId "14108267"]
[BlackFideId "1945130"]
[WhiteTitle "CM"]
[WhiteElo "2250"]
[BlackElo "2471"]
[WhiteTeam "UKR"]
[BlackTeam "POR"]
[WhiteClock "0:00:00"]
[BlackClock "0:00:22"]
[Variant "Standard"]

1. c4 {[%clk 0:03:00]}  g6 {[%clk 0:02:56]} 2. Nc3 {[%clk 0:03:00]}  Bg7 {[%clk 0:02:56]} 3. e4 {[%clk 0:03:01]}  d6 {[%clk 0:02:55]} 4. d4 {[%clk 0:03:00]}  Nc6 {[%clk 0:02:55]} 5. Be3 {[%clk 0:02:59]}  e5 {[%clk 0:02:54]} 6. Nf3 {[%clk 0:02:49]}  Bg4 {[%clk 0:02:54]} 7. d5 {[%clk 0:02:43]}  Nd4 {[%clk 0:02:53]} 8. Be2 {[%clk 0:02:20]}  Bxf3 {[%clk 0:02:46]} 9. Bxf3 {[%clk 0:02:19]}  Ne7 {[%clk 0:02:46]} 10. Nb5 {[%clk 0:01:49]}  Nxb5 {[%clk 0:02:35]} 11. cxb5 {[%clk 0:01:48]}  O-O {[%clk 0:02:35]} 12. Qc2 {[%clk 0:01:36]}  f5 {[%clk 0:02:32]} 13. Rc1 {[%clk 0:01:06]}  Rc8 {[%clk 0:02:28]} 14. O-O {[%clk 0:01:00]}  Qd7 {[%clk 0:02:23]} 15. a4 {[%clk 0:00:56]}  b6 {[%clk 0:02:16]} 16. h3 {[%clk 0:00:46]}  h5 {[%clk 0:01:58]} 17. exf5 {[%clk 0:00:37]}  Nxf5 {[%clk 0:01:59]} 18. Be4 {[%clk 0:00:32]}  Kh7 {[%clk 0:01:39]} 19. Qe2 {[%clk 0:00:30]}  Qf7 {[%clk 0:01:28]} 20. Rcd1 {[%clk 0:00:22]}  Kg8 {[%clk 0:01:18]} 21. Qd3 {[%clk 0:00:20]}  Qf6 {[%clk 0:01:10]} 22. b3 {[%clk 0:00:20]}  Rf7 {[%clk 0:01:02]} 23. Rc1 {[%clk 0:00:20]}  Rcf8 {[%clk 0:01:01]} 24. Bd2 {[%clk 0:00:16]}  Kh7 {[%clk 0:00:56]} 25. Be3 {[%clk 0:00:14]}  Nxe3 {[%clk 0:00:43]} 26. fxe3 {[%clk 0:00:12]}  Qg5 {[%clk 0:00:43]} 27. Rxf7 {[%clk 0:00:06]}  Rxf7 {[%clk 0:00:44]} 28. Kh1 {[%clk 0:00:04]}  Bh6 {[%clk 0:00:38]} 29. Re1 {[%clk 0:00:03]}  Kg7 {[%clk 0:00:38]} 30. Qe2 {[%clk 0:00:03]}  Qg3 {[%clk 0:00:36]} 31. Bf3 {[%clk 0:00:03]}  e4 {[%clk 0:00:21]} 32. Bxe4 {[%clk 0:00:00]}  Rf2 {[%clk 0:00:22]} 0-1

[Event "April 9 Late 2024"]
[Site "Chess.com"]
[Date "2024.04.09"]
[Round "5"]
[White "Ivanov, Aleksandr"]
[Black "Rees, Ioan"]
[Result "0-1"]
[Board "141"]
[WhiteFideId "2092980"]
[BlackFideId "1801236"]
[BlackTitle "FM"]
[WhiteElo "2221"]
[BlackElo "2433"]
[WhiteTeam "USA"]
[BlackTeam "WLS"]
[WhiteClock "0:00:13"]
[BlackClock "0:02:05"]
[Variant "Standard"]

1. d4 {[%clk 0:03:00]}  d5 {[%clk 0:02:53]} 2. c4 {[%clk 0:03:00]}  c6 {[%clk 0:02:54]} 3. cxd5 {[%clk 0:02:59]}  cxd5 {[%clk 0:02:54]} 4. Bf4 {[%clk 0:02:59]}  Nf6 {[%clk 0:02:53]} 5. e3 {[%clk 0:02:58]}  Nc6 {[%clk 0:02:54]} 6. Nc3 {[%clk 0:02:58]}  Bf5 {[%clk 0:02:52]} 7. Qb3 {[%clk 0:02:56]}  Na5 {[%clk 0:02:50]} 8. Qa4+ {[%clk 0:02:56]}  Bd7 {[%clk 0:02:51]} 9. Qc2 {[%clk 0:02:55]}  e6 {[%clk 0:02:51]} 10. Bd3 {[%clk 0:02:51]}  Bb4 {[%clk 0:02:45]} 11. Nf3 {[%clk 0:02:45]}  Nh5 {[%clk 0:02:44]} 12. Bg5 {[%clk 0:02:33]}  f6 {[%clk 0:02:43]} 13. Bh4 {[%clk 0:02:32]}  g5 {[%clk 0:02:41]} 14. Bg3 {[%clk 0:02:30]}  Rc8 {[%clk 0:02:39]} 15. Bxh7 {[%clk 0:02:00]}  Nxg3 {[%clk 0:02:35]} 16. Qg6+ {[%clk 0:01:27]}  Ke7 {[%clk 0:02:35]} 17. Qg7+ {[%clk 0:01:24]}  Kd6 {[%clk 0:02:34]} 18. hxg3 {[%clk 0:01:17]}  Rxc3 {[%clk 0:02:18]} 19. O-O {[%clk 0:00:39]}  Rc7 {[%clk 0:02:14]} 20. Rfc1 {[%clk 0:00:33]}  Bc6 {[%clk 0:02:07]} 21. Qg6 {[%clk 0:00:13]}  Rcxh7 {[%clk 0:02:06]} 22. Ne5 {[%clk 0:00:13]}  Rh1# {[%clk 0:02:05]} 0-1

[Event "April 9 Late 2024"]
[Site "Chess.com"]
[Date "2024.04.09"]
[Round "5"]
[White "Jing, Andrew"]
[Black "Tang, Zoey"]
[Result "0-1"]
[Board "144"]
[WhiteFideId "30984076"]
[BlackFideId "30952530"]
[BlackTitle "FM"]
[WhiteElo "2210"]
[BlackElo "2406"]
[WhiteTeam "USA"]
[BlackTeam "USA"]
[WhiteClock "0:01:21"]
[BlackClock "0:00:46"]
[Variant "Standard"]

1. d4 {[%clk 0:02:59]}  Nf6 {[%clk 0:02:59]} 2. c4 {[%clk 0:02:59]}  g6 {[%clk 0:03:00]} 3. g3 {[%clk 0:02:56]}  c6 {[%clk 0:02:59]} 4. Bg2 {[%clk 0:02:56]}  d5 {[%clk 0:03:00]} 5. Nf3 {[%clk 0:02:57]}  Bg7 {[%clk 0:03:00]} 6. O-O {[%clk 0:02:57]}  O-O {[%clk 0:03:00]} 7. Ne5 {[%clk 0:02:57]}  Bf5 {[%clk 0:02:57]} 8. Nc3 {[%clk 0:02:55]}  Ne4 {[%clk 0:02:56]} 9. Nxe4 {[%clk 0:02:45]}  dxe4 {[%clk 0:02:55]} 10. b3 {[%clk 0:02:40]}  Nd7 {[%clk 0:02:43]} 11. Bb2 {[%clk 0:02:39]}  Nxe5 {[%clk 0:02:42]} 12. dxe5 {[%clk 0:02:34]}  Qc7 {[%clk 0:02:43]} 13. Qd4 {[%clk 0:02:34]}  Rfd8 {[%clk 0:02:40]} 14. Qc3 {[%clk 0:02:34]}  Rd7 {[%clk 0:02:22]} 15. f4 {[%clk 0:02:01]}  exf3 {[%clk 0:02:13]} 16. Bxf3 {[%clk 0:01:52]}  Rad8 {[%clk 0:02:08]} 17. e4 {[%clk 0:01:49]}  Rd3 {[%clk 0:01:57]} 18. Qc2 {[%clk 0:01:48]}  Rd2 {[%clk 0:01:53]} 19. Qc3 {[%clk 0:01:46]}  R8d3 {[%clk 0:01:47]} 20. Qb4 {[%clk 0:01:46]}  a5 {[%clk 0:01:29]} 21. Qa3 {[%clk 0:01:45]}  Bh3 {[%clk 0:01:26]} 22. Rfd1 {[%clk 0:01:44]}  Bxe5 {[%clk 0:01:00]} 23. Rxd2 {[%clk 0:01:42]}  Rxd2 {[%clk 0:00:54]} 24. Bxe5 {[%clk 0:01:42]}  Qxe5 {[%clk 0:00:50]} 25. Qc1 {[%clk 0:01:32]}  Qd4+ {[%clk 0:00:45]} 26. Kh1 {[%clk 0:01:21]}  Qf2 {[%clk 0:00:46]} 0-1